000 00333nam a2200133Ia 4500
005 20251222143318.0
008 251222s9999||||xx |||||||||||||| ||spa||
020 _a84-335-8028-0
082 _a869/J21
100 _aJansen, André
245 0 _aLa Novela Hispanoamericana Actual y sus Antecedentes
264 _bLabor
942 _cLIB
999 _c15984
_d15984